|
|
|
|
| LEADER |
01556nam a2200361 i 4500 |
| 001 |
EBC5455306 |
| 003 |
MiAaPQ |
| 005 |
20200218115256.0 |
| 006 |
m o d | |
| 007 |
cr cnu|||||||| |
| 008 |
200218s2016 ph o 000 0 eng d |
| 020 |
|
|
|z 9789292573287
|
| 020 |
|
|
|a 9789292573294 (e-book)
|
| 035 |
|
|
|a (MiAaPQ)EBC5455306
|
| 035 |
|
|
|a (Au-PeEL)EBL5455306
|
| 035 |
|
|
|a (OCoLC)1046616660
|
| 040 |
|
|
|a MiAaPQ
|b eng
|e rda
|e pn
|c MiAaPQ
|d MiAaPQ
|
| 050 |
|
4 |
|a HD75.8
|b .P763 2016
|
| 082 |
0 |
|
|a 338.90068
|2 23
|
| 245 |
0 |
0 |
|a Problem solving :
|b guidebook for ADB-assisted projects /
|c Asian Development Bank.
|
| 264 |
|
1 |
|a Mandaluyong City, Metro Manila, Philippines :
|b Asian Development Bank,
|c 2016.
|
| 300 |
|
|
|a 1 online resource (75 pages)
|
| 336 |
|
|
|a text
|b txt
|2 rdacontent
|
| 337 |
|
|
|a computer
|b c
|2 rdamedia
|
| 338 |
|
|
|a online resource
|b cr
|2 rdacarrier
|
| 588 |
|
|
|a Description based on print version record.
|
| 590 |
|
|
|a Electronic reproduction. Ann Arbor, MI : ProQuest, 2018. Available via World Wide Web. Access may be limited to ProQuest affiliated libraries.
|
| 650 |
|
0 |
|a Economic development projects
|x Management.
|
| 655 |
|
4 |
|a Electronic books.
|
| 710 |
2 |
|
|a Asian Development Bank,
|e contributor.
|
| 776 |
0 |
8 |
|i Print version:
|t Problem solving : guidebook for ADB-assisted projects.
|d Mandaluyong City, Metro Manila, Philippines : Asian Development Bank, c2016
|h 75 pages
|z 9789292573287
|
| 797 |
2 |
|
|a ProQuest (Firm)
|
| 856 |
4 |
0 |
|u https://ebookcentral.proquest.com/lib/matrademy/detail.action?docID=5455306
|z Click to View
|